00294nam a2200121Ia 45000030006000000080041000060400015000471000016000622450056000782600009001345460012001430050017001550STCL150530s9999 xx 000 0 und d aSTCLcSTCL aTyagi, R.B. aRecent trends in the co operative movement in India c1967 aEnglish20220125165514.0